Noc siedmeho plameňa

Bibliographic Details
Main Author: Martré, Gonzalo (Author)
Other Authors: Vaňková, Yvonna (Translator)
Format: Article
Language:Slovak
PhysicalDescription:Ilustr. 3.
Subjects:

MARC

LEADER 00000nab a2200000 a 4500
001 vtls000262001
003 SK-MaSNL
005 20260302221431.0
008 140423c1986 xo 0 slo
015 |a SNBRB19rr/mm-uuuuu 
035 |a CL0272115 
040 |a SNKBUCL  |b slo  |c SNKBUCL  |e AACR2 
041 0 |a slo 
044 |a xo  |c SK 
080 |a 860 (72)-3  |2 1981 
100 1 |a Martré, Gonzalo  |4 aut  |9 948407 
245 1 0 |a Noc siedmeho plameňa  |c Gonzalo Martré ; Yvonna Vaňková 
300 |b Ilustr. 3. 
650 0 7 |a poviedky spoločenské  |2 snkbucl  |9 318463 
655 7 |a články z novín a časopisov  |2 snkbucl  |9 267496 
655 7 |a články z odboru literárna veda a krásna literatúra  |2 snkbucl  |9 770045 
700 1 |a Vaňková, Yvonna  |4 trl  |9 572823 
773 0 |t Revue svetovej literatúry  |g Roč. 22, č. 6 (1986), s. 125-138 
850 |a Slovenská národná knižnica v Martine  |a MTA001 
852 |a SNK  |b KIS3GCP 
958 |a RK 
958 |a LX 
999 |c 1511708  |d 1513638